| 000 | 00333nam a22001337a 4500 | ||
|---|---|---|---|
| 020 | _a9789380026633 | ||
| 082 |
_a621.815 _bRAO/DE |
||
| 100 | _aKrishna Rao, T | ||
| 245 | _aDesign of Machine elements, Vol.II | ||
| 250 | _a1 | ||
| 260 |
_aNew Delhi _bI.K International Publishing house Pvt. Ltd _c2011 |
||
| 300 | _a648 | ||
| 942 | _cBK | ||
| 999 |
_c13619 _d13619 |
||